[Event "IECC CL7-2012.06 email"]
[Site "IECC email"]
[Date "2012.06.17"]
[Round "?"]
[White "Hruz, Franto"]
[Black "Campbell, Graham G"]
[Result "1-0"]
[WhiteElo "1000"]
[BlackElo "1126"]
[PlyCount "45"]
[EventDate "2012.??.??"]
[EventType "tourn (corr)"]
[EventRounds "4"]
[SourceTitle "Telechess CBM 165"]
[Source "ChessBase"]
[SourceDate "2015.03.11"]
[SourceVersion "1"]
[SourceVersionDate "2015.03.11"]
[SourceQuality "1"]
[WhiteTeam "Canada"]
[BlackTeam "US of America"]
[WhiteTeamCountry "CAN"]
[BlackTeamCountry "USA"]

1. e4 e5 2. Nf3 Nc6 3. Bc4 Bc5 4. 0-0 Nf6 5. d4 Bxd4 6. Nxd4 Nxd4 7. f4 d6 8. fxe5 dxe5 9. Bg5 Be6 10. Bxf6 gxf6 11. Bxe6 Nxe6 12. Nc3 Qxd1 13. Raxd1 Rg8 14. Nd5 Rg7 15. Nxf6+ Kf8 16. Nd7+ Kg8 17. Nxe5 Ng5 18. Rd4 Re8 19. Nd7 Kh8 20. Nf6 Rc8 21. Rd7 Rg6 22. h4 Ne6 23. Rxf7 1-0